[Event "DVM U20 2015"]
[Site "Osnabrück GER"]
[Date "2015.12.27"]
[Round "1"]
[White "Mikeler, Marcel"]
[Black "Wanner, Lukas"]
[Result "0-1"]
[Termination "normal"]
[Board "4.4"]
[WhiteElo "1737"]
[BlackElo "2110"]
[WhiteTeam "Heilbronner SV"]
[BlackTeam "SK Doppelbauer Kiel"]
[PlyCount "150"]
[WhiteFideId "12927856"]
[BlackFideId "12918148"]
[EventCountry "GER"]
[EventRounds "7"]
[EventType "team-swiss"]
[EventDate "2015.12.26"]

1. d4 Nf6 2. Nf3 c5 3. c3 Qa5 4. Nbd2 d6 5. Nb3 Qc7 6. Bf4 Nbd7 7. e3 a6 8.
dxc5 Nxc5 9. Nxc5 Qxc5 10. Qb3 Be6 11. Qa4+ b5 12. Qd4 Qxd4 13. exd4 Nd5 14.
Bg3 Nb6 15. Bd3 Na4 16. O-O-O Bxa2 17. Bc2 Bd5 18. Rhe1 e6 19. Nd2 Bxg2 20. f3
Nb6 21. Re2 Bh3 22. Ne4 Bf5 23. Nxd6+ Bxd6 24. Bxf5 Bxg3 25. hxg3 Nd5 26. Be4
Rd8 27. f4 O-O 28. Kd2 g6 29. Ra1 Nc7 30. Rh2 h5 31. Bd3 Kg7 32. Ke2 Rd6 33.
Kf3 Nd5 34. Rhh1 f6 35. Be4 Nc7 36. g4 hxg4+ 37. Kg3 f5 38. Bg2 Rb8 39. Rhd1
Kf6 40. Rd2 g5 41. Rh1 Kg6 42. Re1 a5 43. Re5 Kf6 44. Rd1 Rh8 45. Ra1 a4 46.
Rc5 Rh7 47. Re1 Nd5 48. fxg5+ Kxg5 49. Re5 Rb7 50. Rc8 Rbb6 51. Rg8+ Kf6 52.
Re1 Ne7 53. Re8 Kf7 54. Rh8 Ng6 55. Rh7+ Kf6 56. Reh1 e5 57. dxe5+ Kxe5 58.
Re1+ Kf6 59. Bf1 Kg5 60. Kf2 Rd2+ 61. Re2 Rxe2+ 62. Bxe2 b4 63. c4 a3 64. bxa3
bxa3 65. Ra7 Rb3 66. c5 g3+ 67. Kg1 Rc3 68. c6 Nf4 69. Bd1 Rc1 70. Rg7+ Kf6 71.
Rxg3 Rxd1+ 72. Kf2 a2 73. c7 a1=Q 74. c8=Q Qb2+ 75. Kf3 Qe2+ 0-1

[Event "DVM U20 2015"]
[Site "Osnabrück GER"]
[Date "2015.12.27"]
[Round "1"]
[White "Mieck, Jale"]
[Black "Wasielewski, Kim-Luca"]
[Result "1-0"]
[Termination "normal"]
[Board "4.5"]
[WhiteElo "1935"]
[BlackElo "1705"]
[WhiteTeam "SK Doppelbauer Kiel"]
[BlackTeam "Heilbronner SV"]
[PlyCount "77"]
[WhiteFideId "12936871"]
[BlackFideId "12979503"]
[EventCountry "GER"]
[EventRounds "7"]
[EventType "team-swiss"]
[EventDate "2015.12.26"]

1. Nf3 Nf6 2. g3 d5 3. Bg2 Nbd7 4. O-O e5 5. d3 Bd6 6. Nbd2 O-O 7. Re1 c6 8. e4
Re8 9. c3 Nc5 10. Qc2 dxe4 11. dxe4 Be6 12. b4 Ncd7 13. Ng5 Qe7 14. Nxe6 Qxe6
15. Nf1 c5 16. Bd2 Rec8 17. Qb2 Nb6 18. Ne3 Nfd7 19. Bf1 Qg6 20. f3 Nf8 21. b5
Ne6 22. Nf5 Bf8 23. a4 Rd8 24. a5 Nc8 25. Ne3 h5 26. Nd5 Nd6 27. Be3 Kh8 28.
Rad1 Rac8 29. Qf2 f6 30. Rd2 Nf7 31. Red1 Nfg5 32. h4 Nf7 33. Bh3 Re8 34. Bf5
Nfg5 35. hxg5 Qf7 36. g6 Qd7 37. Qh2 Ng5 38. Qxh5+ Kg8 39. Bxg5 1-0

[Event "DVM U20 2015"]
[Site "Osnabrück GER"]
[Date "2015.12.27"]
[Round "1"]
[White "Ignatov, Dmitriy"]
[Black "Nahnsen, Kenneth"]
[Result "1-0"]
[Termination "normal"]
[Board "4.6"]
[WhiteElo "1719"]
[BlackElo "1959"]
[WhiteTeam "Heilbronner SV"]
[BlackTeam "SK Doppelbauer Kiel"]
[PlyCount "47"]
[WhiteFideId "12927872"]
[BlackFideId "12957119"]
[EventCountry "GER"]
[EventRounds "7"]
[EventType "team-swiss"]
[EventDate "2015.12.26"]

1. e4 e5 2. f4 Nc6 3. Nf3 f5 4. Nc3 exf4 5. d4 fxe4 6. Nxe4 Bb4+ 7. c3 d5 8.
Nf2 Bd6 9. Nd3 Nf6 10. Bxf4 O-O 11. Be2 Bxf4 12. Nxf4 Ng4 13. Qd2 Qd6 14. Nd3
Bd7 15. O-O-O Rae8 16. Rde1 Bf5 17. h3 Nf6 18. Nde5 Ne4 19. Qe3 Nxe5 20. dxe5
Qc6 21. Nd4 Qa4 22. Bb5 Qxa2 23. Bxe8 Qa1+ 24. Kc2 1-0

[Event "DVM U20 2015"]
[Site "Osnabrück GER"]
[Date "2015.12.27"]
[Round "1"]
[White "Ott, Florian"]
[Black "Martin, Julian"]
[Result "1-0"]
[Termination "normal"]
[Board "5.1"]
[WhiteElo "2292"]
[BlackElo "2171"]
[WhiteTeam "SC Forchheim"]
[BlackTeam "OSG Baden-Baden"]
[PlyCount "59"]
[WhiteFideId "12900281"]
[BlackFideId "12941000"]
[EventCountry "GER"]
[EventRounds "7"]
[EventType "team-swiss"]
[EventDate "2015.12.26"]

1. d4 Nf6 2. c4 e6 3. Nc3 Bb4 4. e3 O-O 5. Nge2 d5 6. a3 Be7 7. cxd5 exd5 8.
Nf4 c6 9. Bd3 Re8 10. O-O Nbd7 11. f3 Nf8 12. Bc2 Ne6 13. e4 dxe4 14. Nxe6 fxe6
15. Nxe4 Nxe4 16. fxe4 e5 17. d5 Bc5+ 18. Kh1 Bd4 19. Qh5 g6 20. Qh6 cxd5 21.
Bg5 Qc7 22. exd5 e4 23. Bb3 Qg7 24. Qh4 Bf5 25. Rad1 Be5 26. d6+ Be6 27. Bxe6+
Rxe6 28. d7 Bc7 29. Qg4 Qe5 30. Bf4 1-0

[Event "DVM U20 2015"]
[Site "Osnabrück GER"]
[Date "2015.12.27"]
[Round "1"]
[White "Becker, Dirk"]
[Black "Wichmann, Adrian"]
[Result "1-0"]
[Termination "normal"]
[Board "5.2"]
[WhiteElo "2212"]
[BlackElo "2014"]
[WhiteTeam "OSG Baden-Baden"]
[BlackTeam "SC Forchheim"]
[PlyCount "77"]
[WhiteFideId "12938564"]
[BlackFideId "12904708"]
[EventCountry "GER"]
[EventRounds "7"]
[EventType "team-swiss"]
[EventDate "2015.12.26"]

1. e4 c5 2. Nf3 g6 3. c4 Bg7 4. d4 cxd4 5. Nxd4 Nc6 6. Be3 Nf6 7. Nc3 Ng4 8.
Qxg4 Nxd4 9. Qd1 Ne6 10. Rc1 Qa5 11. Bd3 d6 12. O-O Bd7 13. f4 Nc5 14. Bb1 Na4
15. Nxa4 Qxa4 16. b3 Qa5 17. Rf2 Rc8 18. h4 Bf6 19. g3 Rg8 20. Rd2 h5 21. Rd5
Qc7 22. c5 dxc5 23. Rdxc5 Bc6 24. e5 Bh8 25. Be4 Qd7 26. Qf3 Kf8 27. Bxc6 bxc6
28. Rxc6 Kg7 29. Rxc8 Rxc8 30. Rxc8 Qxc8 31. Bxa7 Qc1+ 32. Kh2 Qa3 33. Qf2 e6
34. Bc5 Qa6 35. a4 Kg8 36. Qc2 Bg7 37. Qd2 Bf8 38. Bxf8 Kxf8 39. Qd6+ 1-0

[Event "DVM U20 2015"]
[Site "Osnabrück GER"]
[Date "2015.12.27"]
[Round "1"]
[White "Stephan, Michael"]
[Black "Martin, Richard"]
[Result "0-1"]
[Termination "time forfeit"]
[Board "5.3"]
[WhiteElo "1911"]
[BlackElo "2005"]
[WhiteTeam "SC Forchheim"]
[BlackTeam "OSG Baden-Baden"]
[PlyCount "57"]
[WhiteFideId "24656852"]
[BlackFideId "12925691"]
[EventCountry "GER"]
[EventRounds "7"]
[EventType "team-swiss"]
[EventDate "2015.12.26"]

1. e4 c5 2. Nf3 d6 3. c3 Nf6 4. Be2 Nc6 5. d3 e6 6. O-O Be7 7. Re1 O-O 8. Bf1
d5 9. e5 Nd7 10. Na3 a6 11. Nc2 b5 12. Bf4 b4 13. h3 a5 14. Nh2 Bg5 15. Bg3 Bh4
16. Bf4 bxc3 17. bxc3 f6 18. Qg4 f5 19. Qh5 Be7 20. Nf3 Qe8 21. Qxe8 Rxe8 22.
Rab1 h6 23. h4 Ba6 24. c4 d4 25. Rb2 Reb8 26. Reb1 Nb4 27. Nxb4 axb4 28. Be2
Bb7 29. h5 0-1

[Event "DVM U20 2015"]
[Site "Osnabrück GER"]
[Date "2015.12.27"]
[Round "1"]
[White "Steimbach, Isabel"]
[Black "Wagner, Robert"]
[Result "1-0"]
[Termination "normal"]
[Board "5.4"]
[WhiteElo "1974"]
[BlackElo "1934"]
[WhiteTeam "OSG Baden-Baden"]
[BlackTeam "SC Forchheim"]
[PlyCount "133"]
[WhiteFideId "24692174"]
[BlackFideId "24656879"]
[EventCountry "GER"]
[EventRounds "7"]
[EventType "team-swiss"]
[EventDate "2015.12.26"]

1. e4 c5 2. Nf3 d6 3. d4 cxd4 4. Nxd4 Nf6 5. Nc3 g6 6. Be2 Bg7 7. O-O O-O 8.
Be3 Nc6 9. Nb3 Be6 10. f4 Qc8 11. Kh1 Rd8 12. Bf3 d5 13. e5 Ne4 14. Bxe4 dxe4
15. Qe1 Nb4 16. Rc1 f5 17. Qh4 Bxb3 18. axb3 e6 19. Nb5 Bf8 20. Nxa7 Qd7 21.
Bb6 Be7 22. Qf2 Rf8 23. Rfd1 Qe8 24. Qf1 g5 25. Nb5 Qg6 26. Rd7 Rf7 27. Be3 Nd5
28. Re1 gxf4 29. Bc1 Rg7 30. Nc7 Rc8 31. Nxd5 exd5 32. Rxd5 Rxc2 33. Rd2 Rc5
34. Rde2 Rxe5 35. Bxf4 Re6 36. Re3 h6 37. Rg3 Qf7 38. Rxg7+ Kxg7 39. Re3 Bg5
40. Rg3 Rg6 41. Be5+ Bf6 42. Qxf5 Rxg3 43. hxg3 Bxe5 44. Qxe5+ Kf8 45. Qxe4
Qxb3 46. Qf3+ Qf7 47. Kh2 Kg7 48. Qxf7+ Kxf7 49. Kh3 Kf6 50. Kh4 Ke5 51. Kh5
Kf5 52. b4 b5 53. g4+ Kf4 54. Kxh6 Kxg4 55. Kg6 Kf4 56. Kf6 Ke4 57. g4 Kd4 58.
g5 Kc3 59. g6 Kxb4 60. g7 Ka3 61. g8=Q b4 62. Qd8 Ka4 63. Qa8+ Kb3 64. Qa1 Kc2
65. Qa2+ Kc3 66. Ke5 b3 67. Qb1 1-0

[Event "DVM U20 2015"]
[Site "Osnabrück GER"]
[Date "2015.12.27"]
[Round "1"]
[White "Braun, Kristin"]
[Black "Jurga, Jonas Vincent"]
[Result "0-1"]
[Termination "normal"]
[Board "5.5"]
[WhiteElo "1789"]
[BlackElo "1933"]
[WhiteTeam "SC Forchheim"]
[BlackTeam "OSG Baden-Baden"]
[PlyCount "78"]
[WhiteFideId "24656534"]
[BlackFideId "12968013"]
[EventCountry "GER"]
[EventRounds "7"]
[EventType "team-swiss"]
[EventDate "2015.12.26"]

1. d4 Nf6 2. c4 g6 3. Nc3 Bg7 4. e4 d6 5. f4 O-O 6. Nf3 Bg4 7. Be2 Nbd7 8. O-O
Bxf3 9. Bxf3 e5 10. d5 exf4 11. Bxf4 Re8 12. Qd2 Ne5 13. Be2 Nfd7 14. Rac1 a5
15. a3 a4 16. Bg5 f6 17. Be3 Nc5 18. Bxc5 dxc5 19. Nb5 Nf7 20. Qc2 Nd6 21. Nxd6
Qxd6 22. Bg4 Bh6 23. Rce1 Bf4 24. g3 Be5 25. Be6+ Kg7 26. Rf3 c6 27. g4 Re7 28.
Ref1 Rf8 29. Kh1 Bd4 30. g5 b5 31. cxb5 cxb5 32. Qe2 c4 33. h4 Rxe6 34. dxe6
Qxe6 35. gxf6+ Rxf6 36. Rxf6 Qh3+ 37. Qh2 Qxh2+ 38. Kxh2 Bxf6 39. h5 Bxb2 0-1

[Event "DVM U20 2015"]
[Site "Osnabrück GER"]
[Date "2015.12.27"]
[Round "1"]
[White "Toptschiev, David"]
[Black "Herter, Leonhard"]
[Result "1-0"]
[Termination "normal"]
[Board "5.6"]
[WhiteElo "1869"]
[BlackElo "1260"]
[WhiteTeam "OSG Baden-Baden"]
[BlackTeam "SC Forchheim"]
[PlyCount "83"]
[WhiteFideId "12968005"]
[BlackFideId "24697745"]
[EventCountry "GER"]
[EventRounds "7"]
[EventType "team-swiss"]
[EventDate "2015.12.26"]

1. e4 e6 2. d4 d5 3. Nd2 h6 4. Ngf3 Nf6 5. e5 Ne4 6. Bd3 Nxd2 7. Bxd2 b6 8. O-O
Ba6 9. Bxa6 Nxa6 10. c4 Nb8 11. Rc1 c5 12. dxc5 Bxc5 13. b4 Be7 14. c5 Nc6 15.
Qa4 Qc7 16. cxb6 Qb7 17. Rxc6 O-O 18. Rc7 axb6 19. Rxb7 Rxa4 20. Rxe7 Rxa2 21.
Rc7 Rb8 22. Rfc1 Kh7 23. Rxf7 b5 24. h4 Kg6 25. Rcc7 Rg8 26. h5+ Kh7 27. Rb7
Raa8 28. Rxb5 Rab8 29. Rxb8 Rxb8 30. Nd4 Kg8 31. Rc7 Rb6 32. Rc6 Rxc6 33. Nxc6
Kf8 34. b5 Ke8 35. b6 Kf8 36. b7 Kg8 37. b8=Q+ Kf7 38. Nd8+ Kg8 39. Qc7 Kh8 40.
Qf7 d4 41. Nxe6 Kh7 42. Qxg7# 1-0

[Event "DVM U20 2015"]
[Site "Osnabrück GER"]
[Date "2015.12.27"]
[Round "1"]
[White "Holtel, Jasper"]
[Black "Noe, Christopher"]
[Result "1/2-1/2"]
[Termination "normal"]
[Board "6.1"]
[WhiteTitle "FM"]
[BlackTitle "FM"]
[WhiteElo "2366"]
[BlackElo "2414"]
[WhiteTeam "SK Münster 32"]
[BlackTeam "SC Eppingen"]
[PlyCount "52"]
[WhiteFideId "12956376"]
[BlackFideId "24692018"]
[EventCountry "GER"]
[EventRounds "7"]
[EventType "team-swiss"]
[EventDate "2015.12.26"]

1. e4 g6 2. d4 Bg7 3. Nc3 d6 4. f4 Nf6 5. Nf3 O-O 6. e5 Nfd7 7. Bc4 Nb6 8. Bb3
Bg4 9. a4 dxe5 10. dxe5 Qxd1+ 11. Nxd1 Bxf3 12. gxf3 e6 13. Nc3 a6 14. Be3 Nc6
15. a5 Nc8 16. Ne4 N8e7 17. Nc5 Nf5 18. Kf2 Bh6 19. Nd7 Rfd8 20. Rhd1 Kh8 21.
c3 Ncd4 22. cxd4 Rxd7 23. d5 Nxe3 24. Kxe3 Rad8 25. dxe6 fxe6 26. Rxd7 Rxd7
1/2-1/2

[Event "DVM U20 2015"]
[Site "Osnabrück GER"]
[Date "2015.12.27"]
[Round "1"]
[White "Bay, Nicolai"]
[Black "Quante, Lennart"]
[Result "1-0"]
[Termination "normal"]
[Board "6.2"]
[WhiteElo "2000"]
[BlackElo "2111"]
[WhiteTeam "SC Eppingen"]
[BlackTeam "SK Münster 32"]
[PlyCount "89"]
[WhiteFideId "12927619"]
[BlackFideId "12979627"]
[EventCountry "GER"]
[EventRounds "7"]
[EventType "team-swiss"]
[EventDate "2015.12.26"]

1. e4 e5 2. Nf3 Nc6 3. Bb5 a6 4. Ba4 Nf6 5. O-O Be7 6. Re1 b5 7. Bb3 O-O 8. c3
d5 9. exd5 Nxd5 10. Nxe5 Nxe5 11. Rxe5 c6 12. d4 Bd6 13. Re1 Qh4 14. g3 Qh3 15.
Be3 Bg4 16. Qd3 Rae8 17. Nd2 Qh5 18. a4 Re6 19. axb5 axb5 20. Ra6 Nf4 21. Qb1
Rh6 22. h4 g5 23. Bd1 gxh4 24. gxf4 Rg6 25. Kh1 Kh8 26. Ra1 Re8 27. Rg1 Qd5+
28. Kh2 Qh5 29. Qd3 Reg8 30. Qe4 f5 31. Qd3 Qh6 32. Bxg4 Bxf4+ 33. Kh1 fxg4 34.
Qe4 Bxe3 35. Qe5+ R6g7 36. fxe3 g3 37. Ra7 Qg6 38. Rxg7 Rxg7 39. Ra1 h6 40. Ne4
h3 41. Kg1 g2 42. Nf2 Qc2 43. Nxh3 Kh7 44. Nf4 Rf7 45. Qe6 1-0

[Event "DVM U20 2015"]
[Site "Osnabrück GER"]
[Date "2015.12.27"]
[Round "1"]
[White "Baumann, Stephan"]
[Black "Mütsch, Annmarie"]
[Result "1-0"]
[Termination "normal"]
[Board "6.3"]
[WhiteElo "2001"]
[BlackElo "1880"]
[WhiteTeam "SK Münster 32"]
[BlackTeam "SC Eppingen"]
[PlyCount "65"]
[WhiteFideId "12990981"]
[BlackFideId "12971367"]
[EventCountry "GER"]
[EventRounds "7"]
[EventType "team-swiss"]
[EventDate "2015.12.26"]

1. e4 e5 2. Nf3 Nc6 3. Bb5 a6 4. Bxc6 dxc6 5. O-O Bd6 6. d4 exd4 7. Qxd4 f6 8.
c3 Ne7 9. Qc4 Ng6 10. Be3 Qe7 11. Nbd2 Be6 12. Qe2 O-O 13. Nd4 Bd7 14. f4 Kh8
15. Qh5 Rae8 16. Rf3 Rg8 17. Nf5 Bxf5 18. exf5 Nxf4 19. Bxf4 Bxf4 20. Rxf4 Qe3+
21. Rf2 g6 22. Qf3 Qxf3 23. Nxf3 g5 24. Re1 g4 25. Rxe8 Rxe8 26. Nd4 Re1+ 27.
Rf1 Re5 28. g3 c5 29. Ne6 c6 30. Nd8 Re2 31. Rf2 Re1+ 32. Kg2 Re7 33. Rd2 1-0

[Event "DVM U20 2015"]
[Site "Osnabrück GER"]
[Date "2015.12.27"]
[Round "1"]
[White "Hahn, Cedric"]
[Black "Austrup, David"]
[Result "0-1"]
[Termination "normal"]
[Board "6.4"]
[WhiteElo "1951"]
[BlackElo "1957"]
[WhiteTeam "SC Eppingen"]
[BlackTeam "SK Münster 32"]
[PlyCount "72"]
[WhiteFideId "12910538"]
[BlackFideId "12996890"]
[EventCountry "GER"]
[EventRounds "7"]
[EventType "team-swiss"]
[EventDate "2015.12.26"]

1. d4 Nf6 2. c4 g6 3. Nc3 Bg7 4. e4 d6 5. Nf3 O-O 6. Be2 e5 7. Be3 Nc6 8. d5
Ne7 9. Nd2 Nd7 10. b4 f5 11. f3 f4 12. Bf2 b6 13. Nb3 g5 14. a4 Nf6 15. O-O Ng6
16. a5 Rb8 17. c5 Rf7 18. Qc2 Bf8 19. axb6 axb6 20. cxb6 cxb6 21. Nb5 g4 22.
Rfc1 g3 23. hxg3 fxg3 24. Bxg3 Bh6 25. Rd1 Nh5 26. Bf2 Ngf4 27. Bf1 Qg5 28. Kh2
Rg7 29. Be1 Ng3 30. Bxg3 Qxg3+ 31. Kh1 Rg5 32. Kg1 Rh5 33. Bc4 Rh2 34. Ra2 Nh3+
35. Kf1 Rh1+ 36. Ke2 Qxg2+ 0-1

[Event "DVM U20 2015"]
[Site "Osnabrück GER"]
[Date "2015.12.27"]
[Round "1"]
[White "Haberkamp, Carl"]
[Black "Hermann, Tobias"]
[Result "1-0"]
[Termination "normal"]
[Board "6.5"]
[WhiteElo "1932"]
[BlackElo "1959"]
[WhiteTeam "SK Münster 32"]
[BlackTeam "SC Eppingen"]
[PlyCount "59"]
[WhiteFideId "12959766"]
[BlackFideId "12903701"]
[EventCountry "GER"]
[EventRounds "7"]
[EventType "team-swiss"]
[EventDate "2015.12.26"]

1. d4 d5 2. c4 e6 3. Nf3 Nf6 4. g3 Nbd7 5. Bg2 b6 6. cxd5 Nxd5 7. O-O Bb7 8. a3
Be7 9. Re1 N5f6 10. Nc3 c5 11. e4 O-O 12. d5 exd5 13. e5 Ne8 14. Nxd5 Nc7 15.
Nxe7+ Qxe7 16. Bg5 Qe8 17. Nd2 Bxg2 18. Kxg2 Ne6 19. Bf4 f6 20. exf6 Nxf6 21.
Qb3 Qc6+ 22. f3 Rfe8 23. Rad1 Kh8 24. Nc4 Nxf4+ 25. gxf4 Nd5 26. Ne5 Nxf4+ 27.
Kh1 Qc7 28. Nf7+ Kg8 29. Nh6+ Kf8 30. Qg8# 1-0

[Event "DVM U20 2015"]
[Site "Osnabrück GER"]
[Date "2015.12.27"]
[Round "1"]
[White "Pacius, Max"]
[Black "Altgelt, Max"]
[Result "0-1"]
[Termination "normal"]
[Board "6.6"]
[WhiteElo "1190"]
[BlackElo "1794"]
[WhiteTeam "SC Eppingen"]
[BlackTeam "SK Münster 32"]
[PlyCount "66"]
[WhiteFideId "16217446"]
[BlackFideId "12938602"]
[EventCountry "GER"]
[EventRounds "7"]
[EventType "team-swiss"]
[EventDate "2015.12.26"]

1. e4 c5 2. Nf3 d6 3. Bc4 Nf6 4. Nc3 Nc6 5. O-O g6 6. d4 cxd4 7. Nxd4 Bg7 8.
Be3 O-O 9. Nde2 Bd7 10. Qd2 Rc8 11. Rad1 Ng4 12. Bf4 Nge5 13. Bxe5 Nxe5 14. Bb3
b5 15. Qc1 a5 16. a3 Nc4 17. Bxc4 Rxc4 18. Nd5 Rxe4 19. Rfe1 Rc4 20. c3 Rc5 21.
Ng3 e6 22. Ne3 d5 23. Qc2 b4 24. Ne2 Qc7 25. Rc1 Rc8 26. Nd1 d4 27. Qd3 dxc3
28. axb4 axb4 29. bxc3 bxc3 30. Nd4 Rd5 31. Re4 Qb6 32. Rb1 Rxd4 33. Rxd4 Qxd4
0-1

[Event "DVM U20 2015"]
[Site "Osnabrück GER"]
[Date "2015.12.27"]
[Round "1"]
[White "Perestjuk, Marko"]
[Black "Flüchter, Gregor"]
[Result "1/2-1/2"]
[Termination "normal"]
[Board "7.1"]
[WhiteElo "2064"]
[BlackElo "2189"]
[WhiteTeam "SC Zitadelle Spandau 1977"]
[BlackTeam "SF Brackel 1930"]
[PlyCount "88"]
[WhiteFideId "1270254"]
[BlackFideId "12903396"]
[EventCountry "GER"]
[EventRounds "7"]
[EventType "team-swiss"]
[EventDate "2015.12.26"]

1. e4 c5 2. Nf3 Nc6 3. d4 cxd4 4. Nxd4 e5 5. Nb5 a6 6. Nd6+ Bxd6 7. Qxd6 Qe7 8.
Qxe7+ Ngxe7 9. c3 d5 10. exd5 Nxd5 11. g3 Be6 12. Nd2 f5 13. Bg2 O-O 14. O-O
Rad8 15. Re1 Rfe8 16. Nb3 h6 17. Nc5 Bc8 18. a3 Na5 19. Bf1 Kh7 20. b4 Nc6 21.
Bb2 Nc7 22. Rad1 e4 23. c4 Ne6 24. Nb3 Ng5 25. Be2 e3 26. fxe3 Rxe3 27. Nc1
Rde8 28. Kf2 Nh3+ 29. Kf1 f4 30. Bd3+ Kg8 31. b5 Ne5 32. Rxe3 fxe3 33. Bxe5
Rxe5 34. Be2 Bf5 35. bxa6 bxa6 36. Nd3 Ra5 37. Ra1 Ng5 38. Kg2 Be4+ 39. Kf1 Ne6
40. Ke1 Nd4 41. Nb4 Kh7 42. Rd1 Nxe2 43. Kxe2 Rxa3 44. Nd5 Kg6 1/2-1/2

[Event "DVM U20 2015"]
[Site "Osnabrück GER"]
[Date "2015.12.27"]
[Round "1"]
[White "Reisberg, Andre"]
[Black "Kuhn, Patrick"]
[Result "1/2-1/2"]
[Termination "normal"]
[Board "7.2"]
[WhiteElo "1995"]
[BlackElo "1991"]
[WhiteTeam "SF Brackel 1930"]
[BlackTeam "SC Zitadelle Spandau 1977"]
[PlyCount "85"]
[WhiteFideId "1270630"]
[BlackFideId "12910260"]
[EventCountry "GER"]
[EventRounds "7"]
[EventType "team-swiss"]
[EventDate "2015.12.26"]

1. d4 Nf6 2. c4 e6 3. Nc3 Bb4 4. f3 d5 5. a3 Bxc3+ 6. bxc3 c5 7. e3 O-O 8. cxd5
exd5 9. Bd3 Nc6 10. Ne2 Be6 11. O-O Qd7 12. Ng3 Rac8 13. Re1 a6 14. Bb2 Rfd8
15. Qe2 Ne8 16. Rad1 cxd4 17. cxd4 Nd6 18. Bb1 f5 19. Nh5 Na5 20. Nf4 Nac4 21.
Ba2 b5 22. Nd3 Qe7 23. Nc5 Rc6 24. e4 Qf6 25. Nxe6 Qxe6 26. exd5 Qxd5 27. Qe6+
Qxe6 28. Rxe6 Rcc8 29. Bc3 Kf7 30. Re2 Re8 31. Rde1 Rxe2 32. Rxe2 Re8 33. Kf2
Rxe2+ 34. Kxe2 Ke7 35. Bb4 Kd7 36. g3 Kc6 37. Kd3 g6 38. Bc5 a5 39. Bb3 Kd7 40.
Kc3 Kc6 41. Kd3 Kd7 42. h4 h6 43. Ba2 1/2-1/2

[Event "DVM U20 2015"]
[Site "Osnabrück GER"]
[Date "2015.12.27"]
[Round "1"]
[White "Kostre, Margarita"]
[Black "Birnkraut, Tim"]
[Result "1-0"]
[Termination "normal"]
[Board "7.3"]
[WhiteElo "1726"]
[BlackElo "1892"]
[WhiteTeam "SC Zitadelle Spandau 1977"]
[BlackTeam "SF Brackel 1930"]
[PlyCount "51"]
[WhiteFideId "4673344"]
[BlackFideId "24609587"]
[EventCountry "GER"]
[EventRounds "7"]
[EventType "team-swiss"]
[EventDate "2015.12.26"]

1. e4 e6 2. d4 d5 3. Nc3 Nf6 4. e5 Nfd7 5. f4 c5 6. Nf3 Nc6 7. Be3 Be7 8. Be2
O-O 9. O-O a6 10. dxc5 Bxc5 11. Bxc5 Nxc5 12. Nd4 Qb6 13. Nxc6 bxc6 14. Qd4 Rb8
15. Kh1 Qa5 16. a3 Rxb2 17. Nxd5 Rxc2 18. Ne7+ Kh8 19. Nxc6 Qc7 20. Bd1 Nb3 21.
Qb4 Rg8 22. Bxc2 Nxa1 23. Be4 Bb7 24. Rxa1 Bxc6 25. Rc1 Rd8 26. h3 1-0

[Event "DVM U20 2015"]
[Site "Osnabrück GER"]
[Date "2015.12.27"]
[Round "1"]
[White "Stemmler, Fabian"]
[Black "Paul, Fabian"]
[Result "1-0"]
[Termination "normal"]
[Board "7.4"]
[WhiteElo "1952"]
[BlackElo "1681"]
[WhiteTeam "SF Brackel 1930"]
[BlackTeam "SC Zitadelle Spandau 1977"]
[PlyCount "65"]
[WhiteFideId "12964808"]
[BlackFideId "12908231"]
[EventCountry "GER"]
[EventRounds "7"]
[EventType "team-swiss"]
[EventDate "2015.12.26"]

1. e4 c5 2. Nf3 d6 3. d4 cxd4 4. Nxd4 Nf6 5. Nc3 g6 6. Be3 Bg7 7. f3 O-O 8. Qd2
Nc6 9. O-O-O Be6 10. g4 Rc8 11. Kb1 a6 12. h4 h5 13. gxh5 Nxh5 14. Nxe6 fxe6
15. Rg1 Ne5 16. Be2 Qe8 17. f4 Nc4 18. Bxc4 Rxc4 19. Qd3 Rxc3 20. bxc3 Nxf4 21.
Bxf4 Rxf4 22. e5 Bxe5 23. Rxg6+ Kf7 24. Rdg1 Qb5+ 25. Qxb5 axb5 26. R6g4 Rxg4
27. Rxg4 Bxc3 28. Kc1 Kf6 29. h5 Kf7 30. h6 e5 31. Rg3 b4 32. h7 e4 33. Rxc3
1-0

[Event "DVM U20 2015"]
[Site "Osnabrück GER"]
[Date "2015.12.27"]
[Round "1"]
[White "Fuchs, Dominik"]
[Black "Schwiddessen, Jan"]
[Result "0-1"]
[Termination "normal"]
[Board "7.5"]
[WhiteElo "1600"]
[BlackElo "1859"]
[WhiteTeam "SC Zitadelle Spandau 1977"]
[BlackTeam "SF Brackel 1930"]
[PlyCount "58"]
[WhiteFideId "1270260"]
[BlackFideId "1270631"]
[EventCountry "GER"]
[EventRounds "7"]
[EventType "team-swiss"]
[EventDate "2015.12.26"]

1. e4 c5 2. c3 d5 3. exd5 Nf6 4. d4 Qxd5 5. Nf3 cxd4 6. cxd4 e6 7. Nc3 Bb4 8.
Qa4+ Nc6 9. Bb5 Bd7 10. O-O Qd6 11. Ne5 O-O 12. Nxd7 Nxd7 13. a3 Nb6 14. Qd1
Bxc3 15. bxc3 Rac8 16. Qg4 Ne7 17. Bf4 Qd5 18. Bd3 Rxc3 19. Be5 f6 20. Be4 Qd7
21. Bf4 f5 22. Qg5 fxe4 23. Rfe1 Ng6 24. Bd2 Rf5 25. Qg4 Rc2 26. Qd1 Qc6 27.
Re3 e5 28. Qe1 Nc4 29. Re2 exd4 0-1

[Event "DVM U20 2015"]
[Site "Osnabrück GER"]
[Date "2015.12.27"]
[Round "1"]
[White "Nicolai, Tim"]
[Black "Linnemann, Niklas"]
[Result "1/2-1/2"]
[Termination "normal"]
[Board "8.2"]
[WhiteElo "1771"]
[BlackElo "2029"]
[WhiteTeam "SV Empor Erfurt"]
[BlackTeam "TuS Coswig 1920"]
[PlyCount "51"]
[WhiteFideId "12964930"]
[BlackFideId "24695645"]
[EventCountry "GER"]
[EventRounds "7"]
[EventType "team-swiss"]
[EventDate "2015.12.26"]

1. e4 c5 2. Nf3 e6 3. d4 cxd4 4. Nxd4 Nf6 5. Bd3 Nc6 6. Nxc6 bxc6 7. O-O d5 8.
Nc3 Be7 9. Re1 a5 10. e5 Nd7 11. Qg4 g6 12. Bh6 Ba6 13. Qh3 Bxd3 14. cxd3 Rg8
15. Na4 Rb8 16. a3 Nc5 17. Nxc5 Bxc5 18. Rac1 Qb6 19. Rc2 Bf8 20. Rec1 Bxh6 21.
Qxh6 Rc8 22. Qxh7 Rf8 23. Qh4 Kd7 24. Qf4 c5 25. Qe3 d4 26. Qf3 1/2-1/2

[Event "DVM U20 2015"]
[Site "Osnabrück GER"]
[Date "2015.12.27"]
[Round "1"]
[White "Hofmann, Rares"]
[Black "Heinke, Jasper"]
[Result "1/2-1/2"]
[Termination "normal"]
[Board "8.3"]
[WhiteElo "2030"]
[BlackElo "1932"]
[WhiteTeam "TuS Coswig 1920"]
[BlackTeam "SV Empor Erfurt"]
[PlyCount "119"]
[WhiteFideId "12976440"]
[BlackFideId "12976466"]
[EventCountry "GER"]
[EventRounds "7"]
[EventType "team-swiss"]
[EventDate "2015.12.26"]

1. e4 e6 2. d4 d5 3. Nc3 Nf6 4. Bg5 Bb4 5. e5 h6 6. exf6 hxg5 7. fxg7 Rg8 8.
Qh5 Qf6 9. Nf3 Qxg7 10. a3 Bd6 11. Nb5 Bf4 12. g3 Rh8 13. Qxh8+ Qxh8 14. gxf4
Na6 15. fxg5 Ke7 16. h4 c5 17. Ne5 cxd4 18. f4 Bd7 19. Nd6 Be8 20. Nxb7 Nc7 21.
Na5 f6 22. Nf3 fxg5 23. fxg5 Bh5 24. Nc6+ Kd6 25. Nfe5 Qf8 26. Be2 Be8 27. Rf1
Qg7 28. g6 Bxc6 29. Nf7+ Kc5 30. h5 e5 31. O-O-O Ne6 32. Rf5 Nf4 33. Bf3 Re8
34. Rg1 Nxh5 35. Bxh5 Bd7 36. Rfg5 e4 37. Be2 Rb8 38. Ne5 Be6 39. b4+ Kd6 40.
Bg4 Bxg4 41. R1xg4 Re8 42. Nf7+ Kc6 43. Ne5+ Kb6 44. Rh5 d3 45. Rgg5 Qc7 46. c4
Rxe5 47. c5+ Kb5 48. Rxe5 a5 49. Rhg5 axb4 50. Kd2 bxa3 51. g7 Qa5+ 52. Ke3
Qe1+ 53. Kf4 d2 54. g8=Q Qf2+ 55. Kg4 d1=Q+ 56. Kh3 Qh1+ 57. Kg4 Qhg1+ 58. Kh5
Qgh2+ 59. Kg6 Qe3 60. Qe8+ {Nicht weiter rekonstruierbar} 1/2-1/2